The Law of Contracts

Detalles Bibliográficos
Autor principal: McCamus, John D.
Formato: eBook
Lenguaje:inglés
Publicado: Toronto: Irwin Law Inc., 2020
Materias:
Acceso en línea:Acceso restringido

MARC

LEADER 00000nam a22000007a 4500
005 20210811133937.0
007 cr|||| |||
008 210811s2020 ca |||||s|||| 00||0 eng d
020 |a 978-1-55221-554-8 
035 |a 35002 
040 |a vLex 
090 |c 11984  |d 11984 
100 1 |a McCamus, John D. 
245 1 3 |a The Law of Contracts  |h [Recurso electrn̤ico] /  |c John D. McCamus 
256 |a Servicio en ln̕ea 
260 |a Toronto:  |b Irwin Law Inc.,  |c 2020 
300 |a 1 recurso electrn̤ico 
506 1 |a Disponible solo en los productos indicados  |d vLex Global  |d vLex Global (Academic Edition, excluding Law Schools)  |d vLex Global (U.S. Academic Edition, Law Schools)  |d vLex Global (U.S. Academic Edition, excluding Law Schools)  |d vLex Global (Academic Edition, Law Schools) 
650 0 4 |a Obligaciones y Contratos  |z Canad̀ 
740 0 |a vLex Libros (Servicio en ln̕ea) 
856 4 0 |u https://app.vlex.com/#/sources/35002  |z Acceso restringido 
942 |c BOOK 
999 0 |a Obligations and Contracts